000 00729nam a2200265Ia 4500
003 OSt
005 20221006142359.0
006 a|||||r|||| 00| 0
007 ta
008 221006b |||||||| |||| 00| 0 eng d
020 _a4770010699
_c197.34
024 _a6,228
037 _cTextual
040 _aEASL
_cEASL
_beng
041 _2eng
_aeng
082 _aO42,3xN36, M3
100 _aYAMAMOTO Michiko
_9647564
245 0 _aBetty-san
260 _aDelhi
_bKodansha international ltd India
_c1983
300 _a152p.
_ccm.
490 _v JEL
700 _a HARCOURT Geraldine Tr.
_9647565
942 _hO42,3xN36, M3
_cTEXL
_2CC
999 _c1074314
_d1074314